[Event "Hans-Wild-Turnier 2018 A"]
[Site "?"]
[Date "2018.09.16"]
[Round "5"]
[White "Müer, Sebastian"]
[Black "Grigorian, Spartak"]
[Result "1/2-1/2"]
[WhiteElo "2187"]
[BlackElo "2365"]
[Annotator "Spartak"]
[PlyCount "158"]
[EventDate "2018.??.??"]

1. Nf3 d5 2. c4 e6 3. e3 Nf6 4. b3 dxc4 5. bxc4 c5 6. Be2 Nbd7 7. O-O b6 8. Nc3
Bb7 9. a4 a6 10. a5 bxa5 11. Qa4 Bd6 12. d4 O-O 13. Rd1 Qc7 14. h3 Rac8 15. d5
exd5 16. cxd5 c4 17. Ba3 Rfe8 18. Rd4 Nb6 19. Qxa5 Nbxd5 20. Qxc7 Bxc7 21. Rxc4
Nxc3 22. Rxc3 Bh2+ 23. Kxh2 Rxc3 24. Nd4 Ra8 25. Bb4 Rc7 26. Nb3 Bd5 27. Nd4 a5
28. Rxa5 Rxa5 29. Bxa5 Ra7 30. Bd8 Ne4 31. Bf3 Nc3 32. Kg3 Ra2 33. Bh4 Ra5 34.
Bxd5 Rxd5 35. Kf3 g5 36. Bg3 h5 37. Bh2 Kh7 38. g4 h4 39. Bc7 f6 40. Bb6 Kg6
41. Nf5 (41. Bc7 Na4 42. Bb8 Nc5 43. Bc7 Nd3 44. Bb6 Rd7 45. Ba5 Nf4 (45...
Rxd4 46. exd4 Nf4 47. Bd2 Nxh3 48. Kg2 $18) 46. exf4 Rxd4 47. fxg5 $11) 41...
Rd1 42. Bd4 Nb5 43. Bc5 Rh1 44. Kg2 Rc1 45. Bb4 Rc4 (45... Rc2 46. Nd4 Nxd4 47.
exd4 {Sah während der Partie nach einer Festung aus und ist es wahrscheinlich
auch.} Rb2 48. Bc5 Rd2 49. Kf3 Kf7 50. Bb6 Ke6 51. Kg2 Rc2 52. Kg1 Kd5 53. Kg2
(53. Bd8 Rc6 54. Kg2 Kxd4 55. Ba5) 53... Ke4 54. Bc5 Rc3 55. Bb6 Rc2 56. Bc5
Rc4 57. Be7 Rc6 58. Bc5) 46. Be7 Rc7 $2 (46... Nc3 $1 {Der Springer sollte auf
dem Brett bleiben.} 47. Kf3 Ra4 48. Bd8 Ne4 49. Bb6 Nd2+ 50. Kg2 Ra2 51. Nd6
Ra6 52. Bc5 Nb3 53. Bb4 Nc1 54. Bd2 Nd3 55. Ne4 Ra4 56. Nc3 Rc4 57. Kf3 Ne5+
58. Kg2 Nc6 59. Kf3 Ne7 60. Ke2 f5 61. gxf5+ Nxf5) 47. Nd6 $1 $11 Nxd6 (47...
Rxe7 48. Nxb5 Rb7 49. Nd4 Rb2 {sehe keinen Durchbruch}) (47... Nc3 48. Bxf6 $3)
(47... Na7 48. Bxf6 Rc6 49. Bd4 (49. Be5)) 48. Bxd6 Rd7 49. Bh2 $6 {bringt
seinen Läufer etwas in Schwierigkeiten.} Kf7 50. Bb8 Ke6 51. Bh2 Kd5 52. Kf3
Rb7 53. Bg1 Rb1 54. Bh2 Rh1 $6 {Nur Kg2 gesehen} 55. Bb8 (55. Bc7 $1 Ke6) 55...
Ke6 56. Kg2 Rb1 57. Bh2 Rc1 58. Bb8 Rc4 (58... Ra1) 59. Bh2 Rc2 60. Kf3 Rc1 61.
Bb8 f5 62. gxf5+ Kxf5 63. Bh2 (63. Ba7 Rg1 64. Bb8 g4+ 65. hxg4+ Rxg4 66. Bf4
Rg6 {Der König ist zwar abgeschnitten gibt aber trotzdem keinen Durchbruch.})
63... Rc4 64. Kg2 Rc6 (64... g4 65. hxg4+ (65. Bd6 Ke4 66. Bb8 (66. hxg4 $1)
66... g3 {eine Gewinnidee die ich noch hatte.} 67. fxg3 Rc2+ 68. Kg1 (68. Kf1
$4 Kf3 69. Kg1 hxg3 $19) 68... Kf3 69. gxh4 {es gibt kein Matt.}) 65... Rxg4+
66. Kh3 $1) 65. Bb8 Ke4 (65... Rg6 66. Bc7 Ke4) 66. Bh2 Kd3 67. Be5 Ke2 68. Bd4
Re6 (68... Rc8 69. Bb6 Rf8 70. e4 Kd3 71. Be3 Kxe4 72. Bxg5 Rg8 73. f4 Ke3 74.
Kh2 Rh8 75. f5+ Ke4 76. f6 Kf5 77. Bd2 Rh7 (77... Kxf6 78. Bc3+) 78. f7 Rxf7 {
laut Tablebase Remis.} 79. Be3 Ke4 80. Bg5 Rh7 81. Bd8) 69. Bc5 Rf6 70. e4 Re6
71. Be3 Re5 72. Bc1 Kd1 73. Be3 Ke2 74. Bc1 Rb5 75. Be3 Ra5 76. Bc1 Re5 77. Be3
Ra5 78. Bc1 Re5 79. Be3 Rb5 1/2-1/2

[Event "Hans-Wild-Turnier 2018 A"]
[Site "?"]
[Date "2018.09.15"]
[Round "3"]
[White "Meijers, Viesturs"]
[Black "Grigorian, Spartak"]
[Result "1-0"]
[WhiteElo "2454"]
[BlackElo "2365"]
[Annotator "Spartak"]
[PlyCount "93"]
[EventDate "2018.??.??"]

1. c4 f5 2. b4 Nf6 3. Bb2 e6 4. a3 b6 5. Nf3 Bb7 6. e3 g6 7. Be2 Bg7 8. d4 O-O
9. Qb3 Ne4 10. Nc3 d6 11. c5 Qe7 12. Rc1 Kh8 $2 (12... Nxc3 13. cxd6 cxd6 14.
Rxc3 Nd7 15. O-O (15. Rc7 Bd5 (15... Nc5 $2 16. Rxe7 Nxb3 17. Rxb7) 16. Qa4 Nc5
17. Qc6 $3 {einziger Zug} (17. Rxe7 Nxa4 18. Ba1 Rfc8 $19 {[%csl Re7][%cal
Gg7f8]}) 17... Bxc6 18. Rxe7 Na4 19. Ba1 Bd5 $11) 15... Rfc8) 13. Nxe4 Bxe4 14.
O-O Bd5 15. cxd6 cxd6 16. Qa4 a6 $1 (16... Qb7 17. Rc3 Nd7 18. Ba6 $1) 17. b5
a5 $2 (17... axb5 $1 18. Qxb5 Qb7 $5 {meine Hauptidee aber leider nicht
gespielt.} (18... Na6 $5 19. Rc3 (19. Qxb6 $2 Rfb8 20. Qa5 Rxb2 (20... Nc5 $5
$17) 21. Bxa6 Rb7 $1 $19 {[%cal Gb7a7]}) 19... f4 $5) 19. Rc3 Nd7 (19... Na6 $1
20. Rfc1 f4 $132 {[%csl Rc5,Rc6,Rc7,Rc8] C-Linie ist gedeckt.}) 20. Rfc1 Rfc8
$14) 18. Rc3 Nd7 19. Rfc1 Bf6 $2 {zu passiv} (19... f4 $1 20. exf4 (20. Rc7
fxe3 21. fxe3 Bh6 $15) 20... Rxf4 21. Rc7 (21. Rc8+ Rxc8 22. Rxc8+ Rf8 23. Qc2
Nf6 24. Bc1 $14) 21... Raf8) 20. Rc7 Qg7 21. Qd1 Bd8 22. R7c3 {[%cal Ge2c4,
Rd5f3,Gd1f3] Nun droht Lc4 stark und ich hab kein Lxf3 mehr.} Bb7 23. a4 Nf6
24. Ba3 Ne4 25. R3c2 f4 {Bei kaum Zeit mehr auf der Uhr such ich nun die
Komplikationen.} 26. Qd3 g5 27. exf4 Rxf4 (27... gxf4 $1 {[%cal Gf8g8,Ge4g5]}
28. Bf1 $1 Rg8 29. Re1 Qg6 30. Bc1 Ng5 31. Nxg5 Qxg5 {[%cal Gb7g2]} 32. f3 Bd5
$16 {[%cal Gd8e7,Ga8f8,Ga8a7,Ga7g7] Schwarz hat bisschen Gegenspiel.}) 28. Qe3
Qf7 (28... Qf8 29. Bd3 g4 30. Ne5 $1 {[%cal Ga3f8]}) 29. Bd3 g4 30. Bxe4 $6
Bxe4 $2 (30... Rxe4 $1 31. Ng5 Bxg5 32. Qxg5 Rg8 33. Qd2 Qf5 $1 34. Rc3 (34.
Bxd6 $2 Qd5 $1) (34. Rc7 Qd5) 34... Rg6 (34... Qd5 35. Rg3 h5 $4 36. Qh6#) 35.
Rg3 h5 36. Bxd6 Qd5 37. Be7 Rxd4 $13) 31. Bxd6 gxf3 $2 (31... Bxc2 {hätte ich
spielen müssen, denn hier ist der Gewinnweg nicht so einfach.} 32. Bxf4 gxf3
33. Rxc2 Qg6 34. g3 $3 Qxc2 35. Qe5+ Kg8 36. Qxe6+ Kh8 37. Be5+) 32. Qxf4 {
diese Zugreihenfolge von Schwarz lässt Dxf4 zu.} Qxf4 33. Bxf4 Bxc2 34. Be5+
Kg8 35. Rxc2 $18 fxg2 36. Kxg2 Kf7 37. Kf3 Ra7 38. Ke4 Rd7 39. f4 Kf8 40. Rc6
Kf7 41. h4 h5 42. f5 exf5+ 43. Kxf5 Ke8 44. Kg6 Rf7 45. Re6+ Re7 46. Rxe7+ Bxe7
47. Kxh5 1-0

[Event "25th Abu Dhabi Master 2018"]
[Site "Abu Dhabi"]
[Date "2018.08.11"]
[Round "4"]
[White "Vocaturo, Daniele"]
[Black "Dubov, Daniil"]
[Result "0-1"]
[WhiteElo "2617"]
[BlackElo "2691"]
[Annotator "Matthias Krallmann"]
[PlyCount "76"]
[EventDate "2018.08.05"]
[EventType "swiss"]
[EventCountry "UAE"]
[SourceTitle "playchess.com"]
[Source "ChessBase"]
[SourceQuality "1"]

{[%evp 21,76,16,31,26,26,22,18,16,22,22,29,-4,-7,-41,-37,-53,-48,-110,-97,-99,
-100,-106,-98,-106,-103,-89,-106,-114,-111,-87,-88,-147,-137,-126,-60,-106,-82,
-150,-95,-146,-79,-117,-94,-205,-191,-1281,-1187,-2021,-1952,-1768,-1786,-6295,
-2966,-29971,-29972,-6395,-6379]} 1. e4 c5 2. Nf3 Nc6 3. d4 cxd4 4. Nxd4 Nf6 5.
Nc3 e5 6. Ndb5 d6 7. Bg5 a6 8. Na3 b5 9. Nd5 Be7 10. Nxe7 Qxe7 11. c4 {[%cal
Bc2c4,Bc4b5][%mdl 32]} O-O (11... b4 12. Nc2 O-O 13. f3 h6 14. Bh4 a5 15. Be2
Be6 16. O-O Rfd8 17. Kh1 g5 18. Bf2 Nh5 19. Re1 {1-0 (57) Carlsen,M (2693)
-Radjabov,T (2747) Porto Vecchio 2007}) 12. cxb5 Nd4 13. Bd3 Ne6 14. Bxf6 Qxf6
15. O-O Nf4 16. f3 $146 (16. Re1 Qg6 17. Qf3 axb5 18. Nxb5 d5 19. Nc7 {1/2-1/2
(28) De Meye,J (2028)-Pawlowski, W (2126) ICCF email 2013}) 16... axb5 17. Nxb5
Qg6 $1 {[%csl Gf4][%cal Rg6g2]} 18. Qd2 d5 $40 {[%mdl 128]} 19. Rfd1 {[#]} (19.
Kh1 $15) 19... Bh3 $1 $17 {[%cal Rh3g2]} 20. Bf1 dxe4 21. fxe4 {[#]} Bxg2 $1 {
[%mdl 512]} 22. Bxg2 Qb6+ (22... Nxg2 $6 23. Qxg2 Qb6+ 24. Kh1 $11) 23. Kh1
Qxb5 24. b3 h5 25. Bf1 Qb6 26. Bc4 Rfd8 27. Bd5 Kh8 (27... Rd7 $17 28. Qc3 Rad8
) 28. Rg1 Ra5 {[%cal Rf4d5]} 29. Qc3 (29. Raf1 Kg8 30. Rxf4 exf4 31. Qxf4 Rdxd5
32. exd5 Rxd5 $15) 29... f6 (29... Nxd5 30. exd5 Raxd5) 30. b4 Ra7 (30... Nxd5
31. exd5 Raxd5 $17) 31. Qc5 Qb8 32. Bc6 (32. Rad1 $17) 32... Rd2 $19 33. a4 $2
(33. Qc3 Qd6 34. a3 Ne2 $17) 33... Nd3 $1 $19 {[%csl Bb4,Bc5]} 34. Qe3 Nf2+ 35.
Kg2 Qxb4 {( -> ... Sg4+)} 36. Rab1 Ng4+ 37. Kf3 Qd6 38. Rxg4 Rd3 0-1

[Event "25th Abu Dhabi Master 2018"]
[Site "Abu Dhabi"]
[Date "2018.08.09"]
[Round "3"]
[White "Dubov, Daniil"]
[Black "Firouzja, Alireza"]
[Result "1-0"]
[WhiteElo "2691"]
[BlackElo "2561"]
[Annotator "Matthias Krallmann"]
[PlyCount "65"]
[EventDate "2018.08.05"]
[EventType "swiss"]
[EventCountry "UAE"]
[SourceTitle "playchess.com"]
[Source "ChessBase"]
[SourceQuality "1"]

{[%evp 14,65,0,0,0,0,0,0,0,16,36,0,32,40,43,43,46,45,29,26,63,35,71,48,147,146,
254,235,281,287,269,287,357,354,357,357,356,345,287,124,788,693,672,661,926,
857,1380,1361,1443,1461,29988,2238,29991,29992]} 1. e4 c5 2. Nc3 d6 3. d4 cxd4
4. Qxd4 Nc6 5. Qd2 g6 6. b3 Bh6 (6... Bg7 7. Bb2 Nf6 8. O-O-O O-O 9. Kb1 Qa5
10. Nge2 e5 11. f3 {1/2-1/2 (41) Nakamura,H (2769)-Vachier Lagrave,M (2789)
Stavanger 2018}) 7. f4 Nf6 8. Bb2 O-O 9. O-O-O a5 10. a4 Nb4 $146 (10... e5 11.
g3 {1/2-1/2 (36) Meissner,F (2354)-Boruchovsky,A (2558) Pardubice 2018}) 11.
Kb1 d5 12. e5 (12. Nxd5 Nfxd5 13. exd5 Bf5 $15) (12. Nf3 Nxe4 13. Nxe4 Bf5 14.
Qd4 f6 15. Bd3 Nxd3 16. cxd3 dxe4 17. Qc4+ Kh8 18. dxe4 Bd7 19. f5 $14) 12...
Nh5 (12... Bf5 $6 13. exf6 e5 14. Nxd5 $16) 13. Nge2 Bf5 14. Nd4 $1 {[%cal
Rd4f5]} Bg4 (14... Nxf4 $2 15. Nxf5 gxf5 16. g3 $18) (14... Bxf4 15. Qe2 Be6
16. g3 Bh6 17. Bg2 $44) 15. Be2 (15. g3 Bxd1 16. Qxd1 e6 17. Ncb5 $44) 15...
Bxf4 16. Qe1 Bxe2 17. Qxe2 Qc7 18. Rde1 {[%mdl 1024]} (18. Rhe1 Rad8 19. g3 Bh6
20. Ncb5 Qb6 21. g4 Nf4 (21... Ng7 22. h4 $16) 22. Qd2 $16) 18... Qc5 (18...
Bh6 $14) 19. Ncb5 $1 $16 Rac8 {[#]} (19... Ng7 $16) 20. Rhf1 $1 $18 {[%cal
Bh1f1,Bf1f5,Bf5g5,Bg5g4][%mdl 32]} Bh6 21. c3 Nc6 {[#]} 22. Nf5 $1 {[%cal
Rf5h6][%mdl 512]} gxf5 23. Qxh5 Bg7 24. Rxf5 Qb6 25. Rg5 Nd8 26. Bc1 $40 {
[%mdl 128]} (26. Nd4 $18 Kh8 27. Qg4 $18) 26... Qf2 $2 {[%mdl 8192]} (26... Rc6
27. Be3 Qa6 28. Qd1 Rg6 29. Nc7 $16) 27. Re3 Ne6 28. Reg3 Qe1 29. R5g4 Rfd8 30.
Re3 Qg1 31. Rh3 Nf8 {[#]} 32. e6 $1 {[%mdl 512]} (32. Qh6 Ng6 33. Qxh7+ Kf8 34.
Rxg6 $18) 32... fxe6 33. Qh6 1-0

[Event "25th Abu Dhabi Master 2018"]
[Site "Abu Dhabi"]
[Date "2018.08.07"]
[Round "1"]
[White "Dubov, Daniil"]
[Black "Ahmad, Al Khatib"]
[Result "1-0"]
[WhiteElo "2691"]
[BlackElo "2336"]
[Annotator "Matthias Krallmann"]
[PlyCount "63"]
[EventDate "2018.08.05"]
[EventType "swiss"]
[EventCountry "UAE"]
[SourceTitle "playchess.com"]
[Source "ChessBase"]
[SourceQuality "1"]

{[%evp 13,63,0,0,0,0,0,0,0,0,0,0,-12,16,10,16,26,13,0,0,0,0,-17,-17,-19,0,0,8,
12,68,90,161,156,195,125,125,125,125,124,125,125,128,129,130,144,342,298,625,
597,667,575,2940,593]} 1. Nf3 g6 2. e4 c5 3. c3 Bg7 4. Bc4 e6 5. O-O Ne7 6. d4
cxd4 7. cxd4 d5 8. Bb5+ Bd7 9. Bxd7+ Qxd7 10. e5 Nbc6 11. Nc3 O-O 12. Bg5 f6
$146 13. exf6 Bxf6 14. Bxf6 Rxf6 15. Ne5 Nxe5 16. dxe5 Rf4 17. Rc1 Nc6 18. g3
Rd4 19. Qe2 Qg7 20. f4 g5 $6 (20... Rf8 $11) 21. f5 $1 $14 exf5 $6 (21... Qxe5
22. Qh5 Qf6 23. Nb5 exf5 (23... Rd2 24. fxe6 Qg6 25. Qf3 $18) 24. Nxd4 Nxd4 25.
Kh1 $16) 22. Rxf5 Re8 {[%cal Re8e5] [#]} 23. e6 ({Besser ist} 23. Rcf1 $1 Nxe5
24. Kh1 $16) 23... Qg6 24. Rcf1 (24. Rxd5 $6 Rxe6 25. Qb5 Rxd5 26. Qxd5 Kg7 $11
) 24... Rxe6 25. Qf2 Rf4 26. Rxf4 $40 {[%mdl 128]} gxf4 27. Qxf4 {[%csl Gf1]
[%cal Rf4f8] [#]} Qg7 28. Qf5 Nd4 $2 (28... Rd6 29. Qc8+ Rd8 30. Qe6+ Kh8 31.
Rf7 Qg6 32. Qxg6 hxg6 33. Rxb7 $16) 29. Qxd5 $18 h6 $2 (29... Qe5 30. Qxb7 Ne2+
31. Kg2 Re8 32. Qf7+ Kh8 33. Nd5 Qe4+ 34. Kh3 Qe5 35. Rf5 $18) 30. Rf4 Kh7 31.
Qxd4 Qe7 32. Re4 1-0

[Event "25th Abu Dhabi Master 2018"]
[Site "Abu Dhabi"]
[Date "2018.08.08"]
[Round "2"]
[White "Iniyan, Panneerseluam"]
[Black "Dubov, Daniil"]
[Result "0-1"]
[WhiteElo "2464"]
[BlackElo "2691"]
[Annotator "Matthias Krallmann"]
[PlyCount "48"]
[EventDate "2018.08.05"]
[EventType "swiss"]
[EventCountry "UAE"]
[SourceTitle "playchess.com"]
[Source "ChessBase"]
[SourceQuality "1"]

{[%evp 17,48,2,16,2,19,-112,-33,-93,-78,-225,-211,-204,-116,-229,-225,-225,
-220,-334,-280,-270,-290,-387,-386,-382,-389,-793,-777,-778,-775,-766,-760,
-769,-763]} 1. d4 f5 2. Bg5 g6 3. Nc3 Bg7 4. h4 h6 5. Bf4 Nf6 6. e3 d6 7. Qf3
O-O 8. Bc4+ e6 9. O-O-O Qe8 10. Nh3 $146 (10. a3 Nc6 11. Nge2 Bd7 12. Ba2 {
0-1 (39) Moskalenko,V (2580)-Bonafede,A (2280) Hoogeveen 2010}) 10... Nc6 11.
d5 $6 {[#]} (11. a3 $11) 11... Nb4 (11... Na5 $1 {[%cal Ra5c4]} 12. Be2 e5 $17
13. Bh2 Rb8 14. b4 e4 15. Qg3 Nc4 16. Bxc4 Nh5 $19) 12. dxe6 (12. h5 $15) 12...
Bxe6 $17 13. Bb3 (13. Qxb7 $17 Bxc4 14. Qxb4) 13... Bxb3 14. axb3 {[#]} Ne4 (
14... a5 $1 $19 15. Qe2 Ne4 16. Nxe4 Qxe4) 15. Nxe4 $6 (15. Rd4 Nc6 $17 (15...
Bxd4 16. exd4 $13)) 15... fxe4 $19 16. Qe2 a5 {[%cal Ba7a5,Ba5a4,Ba4a3][%mdl
32]} 17. f3 (17. c3 Nd3+ 18. Rxd3 exd3 19. Qxd3) 17... b5 18. c3 Nd3+ 19. Kc2
a4 20. fxe4 Nc5 21. b4 $2 (21. bxa4 Qxe4+ 22. Kd2 Nxa4 $19) 21... Qxe4+ 22. Kd2
a3 23. Nf2 Nb3+ 24. Ke1 Qxg2 0-1

[Event "25th Abu Dhabi Master 2018"]
[Site "Abu Dhabi"]
[Date "2018.08.12"]
[Round "6"]
[White "Pantsulaia, Levan"]
[Black "Dubov, Daniil"]
[Result "0-1"]
[WhiteElo "2587"]
[BlackElo "2691"]
[Annotator "Matthias Krallmann"]
[PlyCount "80"]
[EventDate "2018.08.05"]
[EventType "swiss"]
[EventCountry "UAE"]
[SourceTitle "playchess.com"]
[Source "ChessBase"]
[SourceQuality "1"]

{[%evp 16,80,-35,-29,19,0,10,5,12,21,39,20,17,-10,-18,-15,-12,0,0,0,0,-19,-10,
-42,-21,-27,-20,-41,-31,-28,-25,-53,-41,-46,-7,-20,-6,-6,-7,-25,46,41,41,54,41,
-58,-53,-150,-129,-400,-377,-692,-692,-1373,-1439,-1527,-1471,-1415,-1389,
-29985,-29986,-29986,-29987,-29987,-29988,-29988,-29989]} 1. Nf3 Nf6 2. g3 g6
3. b3 d5 4. Bb2 c5 5. Bg2 Bg7 6. O-O Nc6 7. c4 d4 8. e3 O-O 9. exd4 Ng4 {
[%cal Rc5d4]} (9... cxd4 10. d3 Nd7 11. Re1 a5 12. Nbd2 Nc5 13. Ne4 Nxe4 14.
Rxe4 Bf5 15. Re1 Qd7 16. Ba3 Rfe8 $11 {1-0 (70) Caruana,F (2804)-Anand,V (2770)
Leuven 2016}) 10. Na3 (10. h3 Nh6 11. Na3 Nf5) 10... cxd4 (10... Nxh2) 11. d3
Nge5 $146 (11... e5 12. h3 Nh6 13. Nc2 a5 14. Nd2 Re8 15. a3 (15. Ba3 $6 f5 16.
Rb1 Nf7 $17 {0-1 (44) Sandkamp,R (2210) -Luecke,N (2395) Germany 1995}) 15...
f5 16. Rb1 Nf7 17. b4 $11) 12. Nxe5 Nxe5 13. Nc2 Bg4 14. f3 (14. Qd2 Nf3+ 15.
Bxf3 Bxf3 16. Qf4 Be2 17. Rfe1 Bxd3 (17... e5 18. Qe4 Bh5 19. g4 (19. Qxb7 Qf6
(19... Bg4 20. Qg2 Qd7 21. f3) 20. f4 (20. Kg2) 20... Qf5 21. Qe4 Qxe4 22. Rxe4
Bf3 23. Rxe5) 19... f5) 18. Nxd4 Qb6 19. Bc3 Rad8 $11) 14... Bf5 15. Ne1 Qd7
16. g4 Be6 17. h3 f5 {[%cal Rf5g4]} 18. Nc2 Nc6 {[%cal Be5c6,Bc6d8,Bd8e6][%mdl
32]} 19. Qd2 f4 20. b4 Bf7 21. b5 (21. Qxf4 Bxc4 22. Qd2 Bd5 $15) 21... Nd8 22.
a4 e5 23. Ra2 Ne6 24. Na1 h5 25. Nb3 Rac8 26. Ba3 Rfe8 27. Qe1 {[#]} e4 $1 {
Ein wunderschöner Durchbruch auf einem dreifach gedeckten Feld. Der Computer
hat keinen Sinn für Ästhetik und sieht Dd8 als gleichwertig an.} (27... Qd8
$11) 28. fxe4 (28. Qxe4 Qc7 29. Qd5 (29. Qe2 Ng5 (29... Nc5 30. Bxc5 Rxe2 31.
Rxe2 b6) 30. Qd1 Re3 31. Nc5 Bf8 32. Ne4 Nxe4 33. fxe4 Bxa3 34. Rxa3) 29...
Rcd8 30. b6 axb6 31. Qb5 Nf8 32. Nd2 Re3 $15) 28... hxg4 29. hxg4 Be5 30. g5 (
30. Nd2 g5 31. Nf3 Bf6 $11) 30... Kg7 $1 $15 {[%mdl 1024]} 31. Raf2 (31. Bh3
Rh8 32. Bg4 Qd8 33. Rg2 Nxg5 34. Nd2 $13) 31... Rh8 $1 $17 {[%cal Be8h8,Bh8h4,
Bh4g4,Bg4g2][%mdl 32] Daniil hat einen sehr starken Angriff inszeniert.} 32.
Bc1 $2 {[%mdl 8192]} (32. Qb4 $17) 32... Rh4 $19 33. Bd2 $2 (33. Nd2 Nxg5 34.
Nf3 Nxf3+ 35. Bxf3 Rch8 $17) 33... Rch8 34. Qc1 Rg4 35. Bxf4 {Jetzt setzt
Schwarz forciert matt.} Nxf4 36. Rxf4 Bxf4 37. Rxf4 {[#]} Rxg2+ $1 38. Kxg2 {
[#]} Qh3+ $1 39. Kf2 Qh2+ 40. Kf1 Qg3 0-1

[Event "25th Abu Dhabi Master 2018"]
[Site "Abu Dhabi"]
[Date "2018.08.15"]
[Round "9"]
[White "Dubov, Daniil"]
[Black "Cheparinov, Ivan"]
[Result "1-0"]
[WhiteElo "2691"]
[BlackElo "2718"]
[Annotator "Matthias Krallmann"]
[PlyCount "171"]
[EventDate "2018.08.05"]
[EventType "swiss"]
[EventCountry "UAE"]
[SourceTitle "playchess.com"]
[Source "ChessBase"]
[SourceQuality "1"]

1. d4 Nf6 2. c4 e6 3. Nf3 d5 4. g3 dxc4 5. Bg2 a6 6. O-O Nc6 7. b3 {Dieses
Bauernopfer für Initiative ist Neuland. Der Computer sieht ausreichende
Kompensation für Weiß.} cxb3 8. Qxb3 Be7 (8... Nxd4 9. Qa4+ (9. Nxd4 Qxd4 10.
Bxb7 Bxb7 11. Qxb7 Rd8 12. Qc6+ Nd7 13. Nc3 (13. Bg5 Qxa1 (13... Be7) (13... f6
14. Qxe6+ Be7 15. Bf4 (15. Bd2)) 14. Bxd8 Kxd8 15. Rd1) 13... Qc5 (13... Qb6))
9... Nc6) 9. Bb2 O-O 10. Nbd2 a5 11. a3 Bd7 12. Nc4 a4 13. Qc2 Na5 14. Nfe5
Nxc4 15. Qxc4 Nd5 16. Rfc1 c6 17. e4 Nc7 18. Qc2 Be8 19. Rd1 f6 20. Nc4 Ra6 21.
Qe2 Kh8 22. f4 Bf7 23. Kh1 Qd7 24. g4 b5 25. Ne3 b4 26. axb4 Bxb4 27. Rac1 a3
28. Ba1 Be7 {Dubov hat Kompensation für den geopferten Bauern, aber hier
wählt er nicht die stärkste Fortsetzung und Schwarz kommt nach und nach in
Vorteil.} 29. e5 (29. f5 Rb6 (29... exf5 30. Nxf5 Rfa8 31. g5 $11) 30. fxe6
Nxe6 31. Qf1 a2 32. d5 (32. Nf5 Rfb8 33. d5 cxd5 34. exd5 Nf8 35. d6 Bd8 36. g5
$13 Rb1 37. gxf6 (37. Ne7 Rxc1 38. gxf6 g6 39. Rxc1 Qxd6 40. Qc4 (40. Nc6 Rb1
41. Nxd8 Qxd8 42. Rxb1) 40... Rb1 41. Qxf7 Rxc1+ 42. Bf1 Rxf1+ 43. Kg2 Rg1+ (
43... Rf2+ 44. Kxf2 Qd2+) 44. Kxg1 Bb6+ 45. Kg2) 37... Bxf6 38. Bxf6 gxf6 39.
Rxb1 axb1=Q 40. Rxb1 Rxb1 41. Qxb1 Bg6 42. Qb8) 32... cxd5 33. Nxd5 Rb3 $17)
29... Rfa8 30. exf6 Bxf6 31. g5 Be7 32. d5 exd5 (32... Nxd5 33. Nxd5 (33. Bxd5
cxd5 34. Nc4 Bd6 35. Ne5 Qe8) 33... exd5 34. Qe5 Bf8 35. f5 Re8 36. Qf4) 33.
Nc4 Bd6 34. Nxd6 Qxd6 35. f5 Re8 36. Qf2 Nb5 37. g6 hxg6 38. Qh4+ (38. f6 d4
39. Qh4+ Kg8 40. fxg7 Kxg7 41. Rxd4 Nxd4 42. Bxd4+ Re5 43. Qf4 Raa5 44. Rxc6 (
44. Re1 a2 45. Ba1 Kg8 46. Rxe5 Rxe5) 44... Qe7 $19) 38... Kg8 39. f6 Re5 (
39... d4 40. fxg7 Kxg7 41. Rxd4 Nxd4 42. Bxd4+ Re5 (42... Kf8 43. Bc5 Qxc5 44.
Rxc5 a2 45. Qh8+ Ke7 46. Qe5+ Kf8)) 40. Bxe5 Qxe5 41. fxg7 Kxg7 42. Rd3 a2 43.
Rh3 {[#] Hier hätte Schwarz mit einer kaltblütigen Verteidigung eine
Gewinnstellung erreichen können.} Qh5 (43... Kg8 44. Qh7+ Kf8 45. Rf1 Nd6 $19)
44. Qf4 $11 a1=Q 45. Rxh5 gxh5 46. Rxa1 Rxa1+ 47. Bf1 {[#]} Nc3 $2 {Nach
diesem Fehler kommt Weiß in Vorteil.} (47... Rd1 48. Kg2 Nd4 $11) 48. Qe5+ Kg8
49. Kg1 Rxf1+ (49... d4 50. Kf2 (50. Qg5+ Kh7 51. Kg2 Bd5+) 50... Ra2+ (50...
Nb5 51. Qg5+ Kh8 52. Bd3) 51. Kg3 c5 52. Kh4) 50. Kxf1 $16 Ne4 51. Qb8+ Kg7 52.
Qe5+ Kg8 53. Ke2 c5 54. Ke3 c4 55. Kd4 c3 56. Qc7 Kg7 57. Ke5 Kg8 58. Qc8+ Kg7
59. Qc6 Kh7 60. Kd4 Kg7 61. Qc7 Kg8 62. Kd3 Kg7 63. Qe5+ Kh7 64. Kc2 Kg8 65.
Qd4 Kh7 66. Kb3 Bg6 67. Qe5 Kg8 68. Kb4 Kh7 69. Qc7+ Kh6 70. Qf4+ Kh7 71. Kb3
Kg8 72. h4 Kh7 73. Qc7+ Kg8 74. Kb4 d4 75. Kc4 c2 76. Kxd4 Nf2 77. Ke3 Ng4+ 78.
Kf4 Kf8 79. Kg5 Bf7 80. Qxc2 {[#] Die Schlussstellung ist gewonnen, weil Weiß
den Gegner in Zugzwang bringen kann. Schwarz wird dann gezwungen den Läufer
von der Diagonale e8-h5 zu ziehen, sodass der Bauer h5 fällt. Zugzwang
entsteht z.B. nach} Ke7 81. Qc7+ Kf8 82. Qd6+ Kg8 83. Qb8+ Kg7 84. Qd8 Bg6 85.
Qd4+ Kf7 86. Qd6 {[#]} 1-0

[Event "U14  EU Youth Champions"]
[Site "?"]
[Date "2018.08.02"]
[Round "2"]
[White "Raats, Joppe"]
[Black "Colbow, Collin"]
[Result "0-1"]
[WhiteElo "1869"]
[BlackElo "2136"]
[Annotator "Colbow"]
[PlyCount "48"]
[EventDate "2018.??.??"]

1. e4 c5 2. d4 (2. c3 Nf6 3. e5 Nd5 4. d4 cxd4 5. cxd4) 2... cxd4 3. c3 dxc3 (
3... Nf6 4. e5 Nd5 5. cxd4) 4. Nxc3 Nc6 5. Nf3 e6 6. Bc4 a6 7. O-O Nge7 {
[%cal Ge7g6,Gf8e7]} 8. Bg5 (8. Be3 Ng6) 8... h6 (8... f6 9. Be3) 9. Bh4 (9. Be3
{[%cal Gc3a4,Ga4b6]} b5 10. Bb3 Ng6 11. Nd4 Na5) 9... g5 10. Bg3 Ng6 11. Re1 (
11. Qe2 g4 (11... d6 12. Rad1 g4 13. Nd4 Nce5 14. Bb3 h5 15. f3 {[%csl Gf1]
[%cal Gf1f8]}) 12. Nd4) 11... g4 12. Nd4 Nce5 13. Bb3 (13. Be2 h5 14. f3 gxf3
15. gxf3 Bc5) 13... h5 14. Nf5 {[%cal Gf5d6]} d6 (14... exf5 15. exf5 {[%cal
Ge1e8]}) 15. Ne3 (15. Z0 exf5 16. exf5 Bxf5) 15... Qg5 {[%cal Gg5g1,Gg6f4]} 16.
Nc4 Nxc4 17. Bxc4 b5 (17... Qc5 $2 {[%csl Rg3][%cal Gc5d6,Gh5h4]} 18. Na4 Qxc4
19. Nb6 Qc6 20. Nxa8 b5 $15) 18. Bb3 (18. Bd5 exd5 19. exd5+ Be7 20. Bxd6 O-O
21. Ne4 Qh6) 18... Bb7 19. e5 $4 (19. Bxd6 Rd8 20. e5 Nxe5 21. Rxe5 Qh6 $17)
19... h4 20. exd6 hxg3 21. fxg3 Qc5+ 22. Kf1 Rxh2 23. Ne4 Bxe4 24. Rxe4 Rh1+
0-1